Statistics for Celebrities Roasted On Comedy Central

Click here to take the quiz!

General Stats

  • This quiz has been taken 19 times
  • The average score is 4 of 17

Answer Stats

RoastmasterAir DateRoastee% Correct
Seth MacFarlaneMarch 15, 2011Donald Trump
69%
Kevin HartMarch 30, 2015Justin Bieber
63%
Seth RogenSeptember 2, 2013James Franco
56%
Sean HayesSeptember 15, 2019Alec Baldwin
31%
Seth MacFarlaneSeptember 19, 2011Charlie Sheen
31%
John StamosAugust 16, 2008Bob Saget
25%
Jason AlexanderAugust 20, 2006William Shatner
25%
Joseph Gordon-LevittJuly 29, 2018Bruce Willis
19%
Seth MacFarlaneAugust 15, 2010David Hasselhoff
19%
Bill Engvall, Ron White, & Larry the Cable GuyMarch 20, 2005Jeff Foxworthy
19%
David SpadeSeptember 5, 2016Rob Lowe
19%
Jeff GarlinAugust 10, 2003Denis Leary
13%
Jane LynchAugust 12, 2012Roseanne Barr
13%
Lisa LampanelliMarch 16, 2009Larry the Cable Guy
6%
Katt WilliamsAugust 12, 2007Flavor Flav
0%
Kathy GriffinAugust 9, 2009Joan Rivers
0%
Jimmy KimmelAugust 15, 2005Pamela Anderson
0%

Score Distribution

Percentile by Number Answered

Percent of People with Each Score

Your Score History

You have not taken this quiz